| 000 | 00474nam a2200181Ia 4500 | ||
|---|---|---|---|
| 003 | GCL | ||
| 008 | 140319s9999 xx 000 0 eng d | ||
| 040 |
_aGCL / _cGCL |
||
| 082 | 0 | 4 |
_a649.122 _bL T |
| 100 | 1 | _aLIBERMANS, ALICIA F. | |
| 245 | 1 | 0 |
_aTHE EMOTIONAL LIFE OF THE TODDLER / _cLIBERMANS, ALICIA F. |
| 260 |
_a[S.N] : _bMACMILLAN ، _c1993 |
||
| 300 | _a244 | ||
| 650 | 0 | 4 | _aCHILD RACRING |
| 650 | 0 | 4 | _aTODDLERS |
| 650 | 0 | 4 | _aTODDLERS PSYCHOLOGY |
| 942 |
_2ddc _cBK |
||
| 999 |
_c25272 _d25272 |
||